000 00573nam a2200241Ia 4500
005 20260123164126.0
008 008 260114s9999 xx 000 0 eng d
020 _a9789391818562
037 _aEBOOK
040 _aCRL
040 _beng
040 _cCRL
041 _2eng
041 _aeng
084 _qCRL
100 _aRay
_91106224
245 0 _aMergers&acquisitions: strategy, valuation, 2/e
260 _bPHI
856 _uhttps://elibrary.phindia.com/ebooks/reader/9789391818562
942 _cEBOOK
999 _c1671347
_d1671347